UM Logo

Misalignment-tolerant dual-transmitter electric vehicle wireless charging system with reconfigurable topologies / (Record no. 19654)

MARC details
000 -LEADER
fixed length control field 01005nam a22002417a 4500
003 - CONTROL NUMBER IDENTIFIER
control field OSt
005 - DATE AND TIME OF LATEST TRANSACTION
control field 20240313100925.0
008 - FIXED-LENGTH DATA ELEMENTS--GENERAL INFORMATION
fixed length control field 240313b ||||| |||| 00| 0 eng d
040 ## - CATALOGING SOURCE
Transcribing agency 0
082 ## - DEWEY DECIMAL CLASSIFICATION NUMBER
Classification number DPer 621.317 Ie21 August 2022 v.37 n. 8
100 ## - MAIN ENTRY--PERSONAL NAME
Personal name Zhang, Yiming.
Relator term author.
9 (RLIN) 54532
245 ## - TITLE STATEMENT
Title Misalignment-tolerant dual-transmitter electric vehicle wireless charging system with reconfigurable topologies /
Statement of responsibility, etc. Yiming Zhang, Wenbin Pan, Hui Wang, Zhiwei Shen, Yuanchao Wu, Jiqing Dong, and Xingkui Mao
260 ## - PUBLICATION, DISTRIBUTION, ETC. (IMPRINT)
Place of publication, distribution, etc. New York;
Name of publisher, distributor, etc. The Institute of Electrical and Electronics Engineers, Inc.,
Date of publication, distribution, etc. August 2022.
300 ## - PHYSICAL DESCRIPTION
Extent volume 37,
Other physical details pages 8816-8819,
Dimensions illustration.
700 ## - ADDED ENTRY--PERSONAL NAME
Personal name Zhang, Yiming.
Relator term author.
9 (RLIN) 54532
700 ## - ADDED ENTRY--PERSONAL NAME
Personal name Pan, Wenbin.
Relator term author.
9 (RLIN) 54533
700 ## - ADDED ENTRY--PERSONAL NAME
Personal name Wang, Hui.
Relator term author.
9 (RLIN) 54535
700 ## - ADDED ENTRY--PERSONAL NAME
Personal name Shen, Zhiwei.
Relator term author.
9 (RLIN) 54537
700 ## - ADDED ENTRY--PERSONAL NAME
Personal name Wu, Yuanchao.
Relator term author.
9 (RLIN) 54539
700 ## - ADDED ENTRY--PERSONAL NAME
Personal name Dong, Jiqing.
Relator term author.
9 (RLIN) 54541
700 ## - ADDED ENTRY--PERSONAL NAME
Personal name Mao, Xingku.
Relator term author.
9 (RLIN) 54543
942 ## - ADDED ENTRY ELEMENTS (KOHA)
Source of classification or shelving scheme Dewey Decimal Classification
Koha item type Periodicals

No items available.